Statistiques concernant Espèces animales les plus meurtrières pour l'homme

Cliquez ici pour prendre le quiz!

Statistiques générales

  • Ce quiz a été pris 1 463 fois
    (1 462 depuis la dernière actualisation)
  • Le résultat moyen est 8 sur 16

Statistiques - réponses

Nombre de morts par anEspèce tueuse% Correct
10Requin
93%
100Lion
91%
50 000Serpent
86%
725 000Moustique
84%
25 000Chien
77%
100Eléphant
67%
500Hippopotame
62%
1 000Crocodile
61%
10Loup
55%
10 000Mouche tsé tsé
34%
20Vache
28%
475 000Homme
27%
2 500Ascaris
11%
2 000Ver solitaire
11%
10 000Escargot d'eau douce
5%
10 000Réduve
3%

Distribution des résultats

Percentile par nombre de réponses

% des personnes avec chaque résultat

Votre développement - résultats

Vous n’avez pas pris ce quiz depuis la dernière actualisation